<?xml version="1.0" encoding="UTF-8"?>
<record
    xmlns:xsi="http://www.w3.org/2001/XMLSchema-instance"
    xsi:schemaLocation="http://www.loc.gov/MARC21/slim http://www.loc.gov/standards/marcxml/schema/MARC21slim.xsd"
    xmlns="http://www.loc.gov/MARC21/slim">

  <leader>01172nam a22002657a 4500</leader>
  <controlfield tag="005">20170124103218.0</controlfield>
  <datafield tag="010" ind1=" " ind2=" ">
    <subfield code="a">A-561446</subfield>
  </datafield>
  <datafield tag="020" ind1=" " ind2=" ">
    <subfield code="c">40.00</subfield>
  </datafield>
  <datafield tag="035" ind1=" " ind2=" ">
    <subfield code="a">A-561446</subfield>
  </datafield>
  <datafield tag="037" ind1=" " ind2=" ">
    <subfield code="b">Cen Lib/Ret</subfield>
  </datafield>
  <datafield tag="040" ind1=" " ind2=" ">
    <subfield code="a">DPL</subfield>
    <subfield code="b">HN</subfield>
  </datafield>
  <datafield tag="082" ind1=" " ind2=" ">
    <subfield code="a">413</subfield>
    <subfield code="b">&#x928;&#x93F;&#x930;&#x941;&#x915;&#x94D;&#x924; </subfield>
  </datafield>
  <datafield tag="245" ind1=" " ind2=" ">
    <subfield code="a">&#x928;&#x93F;&#x930;&#x941;&#x915;&#x94D;&#x924; &#x915;&#x94B;&#x936; /</subfield>
    <subfield code="c">&#x938;&#x902;&#x92A;&#x93E;&#x926;&#x915; &#x938;&#x93E;&#x927;&#x94D;&#x935;&#x940; &#x938;&#x93F;&#x926;&#x94D;&#x927;&#x92A;&#x94D;&#x930;&#x91C;&#x94D;&#x91E;&#x93E; [&#x914;&#x930;] &#x938;&#x93E;&#x927;&#x94D;&#x935;&#x940; &#x928;&#x93F;&#x930;&#x94D;&#x935;&#x93E;&#x923;&#x936;&#x94D;&#x930;&#x940; </subfield>
  </datafield>
  <datafield tag="246" ind1=" " ind2=" ">
    <subfield code="a">Nirukt kosh /</subfield>
    <subfield code="b">sampadak Sadhvi Sidhpragya [aur] Sadhvi Nirvanshri </subfield>
  </datafield>
  <datafield tag="260" ind1=" " ind2=" ">
    <subfield code="a">&#x930;&#x93E;&#x91C;&#x938;&#x94D;&#x925;&#x93E;&#x928; </subfield>
    <subfield code="b">&#x91C;&#x948;&#x928; &#x935;&#x93F;&#x936;&#x94D;&#x935; &#x92D;&#x93E;&#x930;&#x924;&#x940; </subfield>
    <subfield code="c">1984</subfield>
  </datafield>
  <datafield tag="270" ind1=" " ind2=" ">
    <subfield code="b">&#x930;&#x93E;&#x91C;&#x938;&#x94D;&#x925;&#x93E;&#x928; </subfield>
    <subfield code="a">&#x932;&#x93E;&#x921;&#x928;&#x942;&#x902; </subfield>
  </datafield>
  <datafield tag="300" ind1=" " ind2=" ">
    <subfield code="a">368&#x92A;&#x943;.</subfield>
    <subfield code="c">20&#x938;&#x947;&#x92E;&#x940;(&#x938;&#x91C;&#x93F;&#x932;&#x94D;&#x926;)</subfield>
  </datafield>
  <datafield tag="650" ind1=" " ind2=" ">
    <subfield code="a">&#x939;&#x93F;&#x928;&#x94D;&#x926;&#x940; -- &#x92D;&#x93E;&#x937;&#x93E; </subfield>
    <subfield code="9">100316</subfield>
  </datafield>
  <datafield tag="650" ind1=" " ind2=" ">
    <subfield code="a">&#x939;&#x93F;&#x928;&#x94D;&#x926;&#x940; -- &#x915;&#x94B;&#x936; </subfield>
    <subfield code="9">1301</subfield>
  </datafield>
  <datafield tag="650" ind1=" " ind2=" ">
    <subfield code="a">Hindi Language</subfield>
    <subfield code="9">9446</subfield>
  </datafield>
  <datafield tag="650" ind1=" " ind2=" ">
    <subfield code="a">Hindi - Dictionary</subfield>
    <subfield code="9">100317</subfield>
  </datafield>
  <datafield tag="700" ind1=" " ind2=" ">
    <subfield code="a">&#x938;&#x93F;&#x926;&#x94D;&#x927;&#x92A;&#x94D;&#x930;&#x91C;&#x94D;&#x91E;&#x93E;, &#x938;&#x93E;&#x927;&#x94D;&#x935;&#x940; </subfield>
    <subfield code="9">45626</subfield>
  </datafield>
  <datafield tag="700" ind1=" " ind2=" ">
    <subfield code="a">&#x928;&#x93F;&#x930;&#x94D;&#x935;&#x93E;&#x923;&#x936;&#x94D;&#x930;&#x940;, &#x938;&#x93E;&#x927;&#x94D;&#x935;&#x940; </subfield>
    <subfield code="9">47612</subfield>
  </datafield>
  <datafield tag="942" ind1=" " ind2=" ">
    <subfield code="2">ddc</subfield>
    <subfield code="c">HN</subfield>
    <subfield code="h">413</subfield>
    <subfield code="m">&#x928;&#x93F;&#x930;&#x941;&#x915;&#x94D;&#x924; </subfield>
  </datafield>
  <datafield tag="999" ind1=" " ind2=" ">
    <subfield code="c">121688</subfield>
    <subfield code="d">121688</subfield>
  </datafield>
  <datafield tag="952" ind1=" " ind2=" ">
    <subfield code="0">0</subfield>
    <subfield code="1">0</subfield>
    <subfield code="4">0</subfield>
    <subfield code="7">0</subfield>
    <subfield code="a">L</subfield>
    <subfield code="b">L</subfield>
    <subfield code="d">2015-10-12</subfield>
    <subfield code="e">Cen Lib/Ret</subfield>
    <subfield code="g">40.00</subfield>
    <subfield code="l">0</subfield>
    <subfield code="o">413 &#x928;&#x93F;&#x930;&#x941;&#x915;&#x94D;&#x924;</subfield>
    <subfield code="p">A-561446</subfield>
    <subfield code="r">2015-10-12 00:00:00</subfield>
    <subfield code="t">1</subfield>
    <subfield code="v">40.00</subfield>
    <subfield code="w">2015-10-12</subfield>
    <subfield code="y">HN</subfield>
  </datafield>
</record>
